Christ in the early Christian hymns /

Bibliographic Details
Main Author: Liderbach, Daniel, 1941-
Format: Book
Language:English
Published: New York : Paulist Press, [1998]
Subjects:

MARC

Tag First Indicator Second Indicator Subfields
LEADER 00000cam a2200000 a 4500
001 in00001485421
005 20151021072416.0
008 980617s1998 nyu b 001 0 eng
010 |a  98028762  
020 |a 0809138093 (alk. paper) 
035 |a (OCoLC)39368412 
035 |9 AJH3820AM 
040 |a DLC  |c DLC  |d TXA  |d UtOrBLW 
049 |a TXAM 
050 0 0 |a BT212  |b .L53 1998 
082 0 0 |a 232/.09/015  |2 21 
100 1 |a Liderbach, Daniel,  |d 1941- 
245 1 0 |a Christ in the early Christian hymns /  |c Daniel Liderbach. 
264 1 |a New York :  |b Paulist Press,  |c [1998] 
264 4 |c ©1998 
300 |a vii, 153 pages ;  |c 21 cm. 
336 |a text  |b txt  |2 rdacontent 
337 |a unmediated  |b n  |2 rdamedia 
338 |a volume  |b nc  |2 rdacarrier 
504 |a Includes bibliographical references (pages 140-151) and index. 
600 0 0 |a Jesus Christ  |x Natures  |x History of doctrines  |y Early church, ca. 30-600. 
650 0 |a Hymns, Early Christian  |x History and criticism. 
948 |a c:jh 
999 |a MARS 
999 f f |s a5cc2cc7-76dc-3f81-85fd-cdd2747a12c8  |i 2854ea55-d7c3-32b3-95bd-1ae0e269ffe0  |t 0 
952 f f |p ric  |a Texas A&M University  |b Rellis Campus  |c Joint Library Facility  |d Remote Storage  |t 0  |e BT212 .L53 1998  |h Library of Congress classification  |i unmediated -- volume  |m A14824991173 
998 f f |a BT212 .L53 1998  |t 0  |l Remote Storage